000 02079nam a22003737a 4500
001 42835
003 gtgccic
005 20251023152349.0
007 ta
008 251023b gt ||||| |||| 00| 0 spa d
040 _agtgccic
_bspa
_cgtgccic
_erda
084 _0TPI-15-0082
100 1 0 _aIrma Jeannette Orozco García
_dIngeniera Industrial
_eautor
245 1 0 _aMejora de la productividad realizando simulación con Data Mining en pronósticos de venta /
_cOrozco García, Irma Jeannette
264 1 _aGuatemala, Guatemala :
_bUSAC, Facultad de Ingeniería ;
_c2015.-
300 _a120 p. :
_bil. ;
_c27 cm
336 _2rdacontenido
_aTexto
_btxt
337 _2rdamedio
_asin mediación
_bn
338 _2rdasoporte
_avolumen
_bnc
502 _aTesis Postgrado
_bMAGISTER EN GESTIÓN INDUSTRIAL
_cUSAC, Facultad de Ingeniería, Escuela de Postgrado
_d2015
_oTPI-15-0082
504 _aBibliografía pag. 101
505 _t1. ANTECEDENTES
505 _t2. DIAGNÓSTICO SITUACIONAL
505 _t3. SIMULACIÓN CON DATA MINING
505 _t4. EVALUACIÓN DE SIMULACIÓN
505 _t5. PRESENTACIÓN DE RESULTADOS DE SIMULACIÓN
505 _t6. DISCUSIÓN DE RESULTADOS
520 3 _aEn el 2013, las ventas de la planta de productos para el cabello disminuyeron un 10% anual, el incumplimiento de la demanda del cliente afecta la operación de la empresa puesto que se considera al cliente como el centro de la cadena de valor. Es evidente que no se está cumpliendo con la demanda, por lo que es necesario tomar medidas inmediatas para encontrar el pronóstico de ventas que ayude a planificar la producción. La materia prima utilizada en la producción es importada y el desabastecimiento de esta causa paradas en la producción, pueto que el lapso de espera para ser liberado es de 2 a 3 meses y en algunas ocasiones la compra de materia prima local aumenta los costos de operación.
650 _aPRODUCCIÓN
650 _aCOSTOS DE PRODUCCIÓN
700 _aMA. Ing. Everest Darwin Medinilla Rodríguez
_easesor
942 _2ddc
_cTPS
945 _aamlo
999 _c2403
_d2403